000 01324cam a2200337 i 4500
999 _c666
_d666
001 19124202
003 GZU
005 20200910101134.0
008 160607s2016 nyu b 001 0 eng
010 _a 2016026393
020 _a9781107153462 (hardback)
020 _a9781316607329 (paper back)
040 _aDLC
_beng
_cDLC
_erda
_dDLC
042 _apcc
050 0 0 _aK213
_b.W45 2016
082 0 0 _a340/.11
_223
100 1 _aWeinreb, Lloyd L.,
_d1936-
245 1 0 _aLegal reason :
_bthe use of analogy in legal argument /
_cLloyd L. Weinreb, Harvard Law School.
250 _aSecond edition.
264 1 _aNew York, NY :
_bCambridge University Press,
_c2016.
300 _ax, 188 pages ;
_c23 cm
336 _atext
_btxt
_2rdacontent
337 _aunmediated
_bn
_2rdamedia
338 _avolume
_bnc
_2rdacarrier
504 _aIncludes bibliographical references (pages 159-184) and index.
505 0 _aSteamboats, broadcast transmissions, and electronic eavesdropping -- Analogical legal reasoning -- Objections -- Analogical reasoning, legal education, and the rule law.
650 0 _aLaw
_xMethodology.
906 _a7
_bcbc
_corignew
_d1
_eecip
_f20
_gy-gencatlg
942 _2lcc
_cBK
_e2nd ed.
_h213
_iWEI
_kK
_m2016